| 000 | 00888nam a22002297a 4500 | ||
|---|---|---|---|
| 005 | 20080617095622.0 | ||
| 008 | 080617t xxu||||| |||| 00| 0 eng d | ||
| 010 | _aENG-90348 | ||
| 020 |
_a8189973029 _c790.00 |
||
| 035 | _aEN-73881 | ||
| 037 | _bDBAD / PUB | ||
| 040 |
_aDPL _bEN |
||
| 082 | _a133.58954 | ||
| 100 | _aDhruva | ||
| 245 |
_aAstrological analysis of Indian affairs: _b(1947-2050) / _cby Dhruva |
||
| 260 |
_aNew Delhi _bReadworthy Publications _c2008 |
||
| 270 |
_aA-18, Mohan Garden, Near Nawada Metro Station, _bNew Delhi _e110059 _k011-25371324 |
||
| 300 |
_axvi, 268p. _c23 cm (Hb) |
||
| 500 | _aIncludes appendix and glossary | ||
| 942 |
_cEN _h133.58954 _2ddc _mDHR |
||
| 999 |
_c13723 _d13723 |
||